<?xml version="1.0" encoding="UTF-8"?>
<record
    xmlns:xsi="http://www.w3.org/2001/XMLSchema-instance"
    xsi:schemaLocation="http://www.loc.gov/MARC21/slim http://www.loc.gov/standards/marcxml/schema/MARC21slim.xsd"
    xmlns="http://www.loc.gov/MARC21/slim">

  <leader>05626nab a22009497  4500</leader>
  <controlfield tag="003">AR-RoUNA</controlfield>
  <datafield tag="022" ind1=" " ind2=" ">
    <subfield code="a">0327-9022</subfield>
  </datafield>
  <datafield tag="040" ind1=" " ind2=" ">
    <subfield code="a">AR-RoUNA</subfield>
    <subfield code="b">spa</subfield>
  </datafield>
  <datafield tag="041" ind1=" " ind2=" ">
    <subfield code="a">spa</subfield>
  </datafield>
  <datafield tag="044" ind1=" " ind2=" ">
    <subfield code="a">ag</subfield>
  </datafield>
  <datafield tag="245" ind1=" " ind2=" ">
    <subfield code="a">Summa+</subfield>
  </datafield>
  <datafield tag="246" ind1=" " ind2=" ">
    <subfield code="a"> Espacio P&#xFA;blico. Condensadores urbanos. Parques. Edificios comunitarios</subfield>
  </datafield>
  <datafield tag="260" ind1=" " ind2=" ">
    <subfield code="a">Buenos Aires ,</subfield>
    <subfield code="c">1993</subfield>
  </datafield>
  <datafield tag="300" ind1=" " ind2=" ">
    <subfield code="a">132 p. :</subfield>
    <subfield code="b">il. byn.</subfield>
    <subfield code="b">planos</subfield>
    <subfield code="c">34 X25 cm.</subfield>
  </datafield>
  <datafield tag="505" ind1="0" ind2=" ">
    <subfield code="t">INDICE</subfield>
  </datafield>
  <datafield tag="505" ind1="0" ind2=" ">
    <subfield code="a">Fernando Diez / Espacios P&#xFA;blico y condensadores urbanos. p. 1</subfield>
  </datafield>
  <datafield tag="505" ind1="0" ind2=" ">
    <subfield code="t">CARTELERIA</subfield>
  </datafield>
  <datafield tag="505" ind1="0" ind2=" ">
    <subfield code="a">Guillermo V&#xE1;zquez Consuegra / Caixaforum Sevilla, Espa&#xF1;a, 2017. p. 4</subfield>
  </datafield>
  <datafield tag="505" ind1="0" ind2=" ">
    <subfield code="a">Isaac Broid + PRODUCTORA / Auditorio Cultural Estatal Teopanzolco, Cuernavaca, Morelos, M&#xE9;xico, 2017. p. 4</subfield>
  </datafield>
  <datafield tag="505" ind1="0" ind2=" ">
    <subfield code="a">Labics / Citta del Sole, Roma, Italia, 2010. p. 5</subfield>
  </datafield>
  <datafield tag="505" ind1="0" ind2=" ">
    <subfield code="a">MVRDV / Seoullo 7017 Skygarden, Se&#xFA;l, Corea del Sur, 2015. p. 5</subfield>
  </datafield>
  <datafield tag="505" ind1="0" ind2=" ">
    <subfield code="a">ADEPT / Parque Vestre Fjord, Aalborg, Dinamarca, 2017. p. 6</subfield>
  </datafield>
  <datafield tag="505" ind1="0" ind2=" ">
    <subfield code="a">Kristin Jarmund Architects / Extensi&#xF3;n de la estaci&#xF3;n de subte Nydalen, Osio, Noruega, 2016. p. 6</subfield>
  </datafield>
  <datafield tag="505" ind1="0" ind2=" ">
    <subfield code="a">Lorcan O&#xB4;Herlihy Architects [LOHA] / Mariposa 1038, Los &#xC1;ngeles, Estados Unidos, 2017. p. 7</subfield>
  </datafield>
  <datafield tag="505" ind1="0" ind2=" ">
    <subfield code="a">M. Victoria Silvestre, Carmela L. Fil&#xED; Tujchneider, arqs. / Escuela Especial Dra. Sara Faisal N&#xBA;1429, Santa Fe, Argentina, 2017. p. 7</subfield>
  </datafield>
  <datafield tag="505" ind1="0" ind2=" ">
    <subfield code="t">CONDENSADORES URBANOS - SAN PABLO</subfield>
  </datafield>
  <datafield tag="505" ind1="0" ind2=" ">
    <subfield code="a">Carlos Eduardo Comas / Historia de Dos Unidades Sesc Pompeia y Sesc 24 de Maio. p. 8</subfield>
  </datafield>
  <datafield tag="505" ind1="0" ind2=" ">
    <subfield code="a">Paulo Mendes Da Rocha + MMBB Arquitectos / SEC 24 de Maio y Dom Jos&#xE9; de Barros, Centro, San Pablo, Brasil, 2017. p. 13</subfield>
  </datafield>
  <datafield tag="505" ind1="0" ind2=" ">
    <subfield code="a">Francesco Perrotta - Bosch / Elevando el espacio p&#xFA;blico. p. 20</subfield>
  </datafield>
  <datafield tag="505" ind1="0" ind2=" ">
    <subfield code="a">Andrade Morettin arquitectos associados / Instituto Moreira Salles, San Pablo, Brasil, 2017. p. 27</subfield>
  </datafield>
  <datafield tag="505" ind1="0" ind2=" ">
    <subfield code="t">PARQUES</subfield>
  </datafield>
  <datafield tag="505" ind1="0" ind2=" ">
    <subfield code="a">Magdalena Tagliabue / La Horizontalidad de la Ciudad. p. 34</subfield>
  </datafield>
  <datafield tag="505" ind1="0" ind2=" ">
    <subfield code="a">Gaeta Springall / Abierto a la Memoria. Memorial a las victimas de la violencia en M&#xE9;xico. p. 36</subfield>
  </datafield>
  <datafield tag="505" ind1="0" ind2=" ">
    <subfield code="a">Gaeta Springall / Memorial a las v&#xED;ctimas de violencia en M&#xE9;xico, Bosque de Chapultepec, M&#xE9;xico, 2013. p. 40</subfield>
  </datafield>
  <datafield tag="505" ind1="0" ind2=" ">
    <subfield code="a">Minond + Bulla / Continuidad de los parques. Parque y Centro de Exposiciones y Convenciones, Argentina. p. 42</subfield>
  </datafield>
  <datafield tag="505" ind1="0" ind2=" ">
    <subfield code="a">Minond + Bulla / Parque y Centro de Exposiciones y Convenciones, Buenos Aires, Argentina, 2017. p. 49</subfield>
  </datafield>
  <datafield tag="505" ind1="0" ind2=" ">
    <subfield code="t">URBANISMO SALVAJE</subfield>
  </datafield>
  <datafield tag="505" ind1="0" ind2=" ">
    <subfield code="a">Diller Scofidio + Renfro, Citymakers, Hargreavers associates / Parque Zaryadye, Mosc&#xFA;, Rusia, 2017. p. 54</subfield>
  </datafield>
  <datafield tag="505" ind1="0" ind2=" ">
    <subfield code="t">SE IGUALA HACIA EL LITORAL</subfield>
  </datafield>
  <datafield tag="505" ind1="0" ind2=" ">
    <subfield code="a">Estudio Herreros / Parques Litorales, ciudad de Panam&#xE1;, 2014. p. 63</subfield>
  </datafield>
  <datafield tag="505" ind1="0" ind2=" ">
    <subfield code="a">Gustavo Alonso Seraf&#xED;n / Edificios comunitarios. Construcci&#xF3;n Comunitaria. p. 64</subfield>
  </datafield>
  <datafield tag="505" ind1="0" ind2=" ">
    <subfield code="t">E D I F I C I O S  C O M U N I T AR I O S</subfield>
  </datafield>
  <datafield tag="505" ind1="0" ind2=" ">
    <subfield code="a">Productora / Centro Cultural Comunitario Teotitl&#xE1;n Del Valle, Oaxaca, M&#xE9;xico, 2016. p. 66</subfield>
  </datafield>
  <datafield tag="505" ind1="0" ind2=" ">
    <subfield code="a">Beals Lyon arquitectos / El lumbral de la ciudad.Municipalidad de Nancagua, VII Regi&#xF3;n, Chile, 2016. p. 74</subfield>
  </datafield>
  <datafield tag="505" ind1="0" ind2=" ">
    <subfield code="a">Colectivo 720 / Imaginaci&#xF3;n Urbana. Unidad de vida articulada &#xA8;Orfelinato&#xA8;, Medell&#xED;n , Colombia, 2015. p. 80</subfield>
  </datafield>
  <datafield tag="505" ind1="0" ind2=" ">
    <subfield code="a">CCFGM Arquitectos Assosciados / Sal&#xF3;n de usos m&#xFA;ltiples del Balneario Municipal de Cafayate, Salta, Argentina, 2015. p. 88</subfield>
  </datafield>
  <datafield tag="505" ind1="0" ind2=" ">
    <subfield code="t">ESPACIOS PUBLICOS Y VIVIENDAS</subfield>
  </datafield>
  <datafield tag="505" ind1="0" ind2=" ">
    <subfield code="a">Josep Mar&#xED;a Montaner / Barcelona contempor&#xE1;nea: cultura del habitar y espacio p&#xFA;blico. p. 94</subfield>
  </datafield>
  <datafield tag="505" ind1="0" ind2=" ">
    <subfield code="t">CREADORES DE NUEVOS USOS</subfield>
  </datafield>
  <datafield tag="505" ind1="0" ind2=" ">
    <subfield code="a">Pezo Von Ellrichshausen / Pabell&#xF3;n Hall, Land-Op-Art, Trinity Square, Hull,  Reino Unido, 2017. p. 102</subfield>
  </datafield>
  <datafield tag="505" ind1="0" ind2=" ">
    <subfield code="a">Dellekamp Arquitectos / Flexibilidad Triangular: Pabell&#xF3;n Temporal &#xA8;Casa de Suiza&#xA8;, Bosque de Chapultepec, M&#xE9;xico. p. 104</subfield>
  </datafield>
  <datafield tag="505" ind1="0" ind2=" ">
    <subfield code="a">Josep Ferrando / El sistema y sus progresiones: Nido de la Cultura, Vicente L&#xF3;pez, Provincia de Buenos Aires, Argentina, 2017. p. 106</subfield>
  </datafield>
  <datafield tag="505" ind1="0" ind2=" ">
    <subfield code="t">ESPACIOS PUBICOS</subfield>
  </datafield>
  <datafield tag="505" ind1="0" ind2=" ">
    <subfield code="a">Valeria Matayoshi / Comunidad y trabajo. p. 108</subfield>
  </datafield>
  <datafield tag="505" ind1="0" ind2=" ">
    <subfield code="a">La Maquinita, Palermo Soho, 2013. p. 108</subfield>
  </datafield>
  <datafield tag="505" ind1="0" ind2=" ">
    <subfield code="a">Urban Station, San Telmo, 2012. p. 110</subfield>
  </datafield>
  <datafield tag="505" ind1="0" ind2=" ">
    <subfield code="a">Wework Torre Bellini, Retiro, 20017. p. 111</subfield>
  </datafield>
  <datafield tag="505" ind1="0" ind2=" ">
    <subfield code="t">HISTORIA - BUENOS AIRES</subfield>
  </datafield>
  <datafield tag="505" ind1="0" ind2=" ">
    <subfield code="a">Juan Vacas / Espacio P&#xFA;blico en la City Porte&#xF1;a. p. 112</subfield>
  </datafield>
  <datafield tag="505" ind1="0" ind2=" ">
    <subfield code="t">FRAGMENTOS</subfield>
  </datafield>
  <datafield tag="505" ind1="0" ind2=" ">
    <subfield code="t">Buenos Aires a trav&#xE9;s de la lente de  DE SIGWART BLUM. p.120</subfield>
  </datafield>
  <datafield tag="505" ind1="0" ind2=" ">
    <subfield code="t">RECUPERANDO LOS M&#xC1;RGENES: concurso Bioparque Metropolitano. p. 124</subfield>
  </datafield>
  <datafield tag="505" ind1="0" ind2=" ">
    <subfield code="a">Concurso Nacional de Ideas Plan Maestro Bioparque Metropolitano CEAMSE-Villa Dom&#xED;nico, 2017. Proyecto Ganador. p. 125</subfield>
  </datafield>
  <datafield tag="505" ind1="0" ind2=" ">
    <subfield code="a">Ignacio Ros De Olano / Palladio y Venecia en el papel. p. 128</subfield>
  </datafield>
  <datafield tag="505" ind1="0" ind2=" ">
    <subfield code="a">Roberto Fern&#xE1;ndez / Quiroga: la Utop&#xED;a realizada. Proyecto del Templo pan&#xF3;ptico de Patzcuaro, 1538. p. 129</subfield>
  </datafield>
  <datafield tag="505" ind1="0" ind2=" ">
    <subfield code="a">Ra&#xFA;l Navas y Mario Sabugo / De chapas y captchas. p. 130</subfield>
  </datafield>
  <datafield tag="505" ind1="0" ind2=" ">
    <subfield code="t">POST-SCRIPTUM</subfield>
  </datafield>
  <datafield tag="505" ind1="0" ind2=" ">
    <subfield code="a">Julio Arroyo / Normativa Urbana: El caso Santa Fe. p. 132</subfield>
  </datafield>
  <datafield tag="600" ind1="1" ind2="7">
    <subfield code="a">Comas, Carlos Eduardo</subfield>
    <subfield code="d">1943-</subfield>
    <subfield code="9">2039</subfield>
  </datafield>
  <datafield tag="600" ind1="1" ind2="0">
    <subfield code="a">Rocha, Paulo Mendes da,</subfield>
    <subfield code="d">1928-2021</subfield>
    <subfield code="9">24547</subfield>
  </datafield>
  <datafield tag="600" ind1="1" ind2="0">
    <subfield code="a">Diller, Elizabeth,</subfield>
    <subfield code="d">1954-</subfield>
    <subfield code="9">25546</subfield>
  </datafield>
  <datafield tag="600" ind1=" " ind2="0">
    <subfield code="a">Scofidio, Ricardo</subfield>
    <subfield code="d">1935-2025</subfield>
    <subfield code="9">25545</subfield>
  </datafield>
  <datafield tag="650" ind1=" " ind2=" ">
    <subfield code="a">Arquitectura contempor&#xE1;nea</subfield>
  </datafield>
  <datafield tag="650" ind1=" " ind2=" ">
    <subfield code="a">Espacio urbano</subfield>
    <subfield code="9">2147</subfield>
  </datafield>
  <datafield tag="650" ind1=" " ind2=" ">
    <subfield code="a">Dise&#xF1;o del paisaje</subfield>
    <subfield code="9">7385</subfield>
  </datafield>
  <datafield tag="650" ind1=" " ind2=" ">
    <subfield code="a">Centros culturales</subfield>
    <subfield code="9">1558</subfield>
  </datafield>
  <datafield tag="773" ind1="0" ind2=" ">
    <subfield code="a">Summa+</subfield>
    <subfield code="d">Buenos Aires, Argentina</subfield>
    <subfield code="g">N&#xBA;163 (abr-2008), p. 132</subfield>
    <subfield code="x">0327-9022</subfield>
  </datafield>
  <datafield tag="908" ind1=" " ind2=" ">
    <subfield code="a">Imp</subfield>
  </datafield>
  <datafield tag="942" ind1=" " ind2=" ">
    <subfield code="2">udc</subfield>
    <subfield code="c">ART</subfield>
  </datafield>
  <datafield tag="945" ind1=" " ind2=" ">
    <subfield code="a">MBP</subfield>
    <subfield code="d">2022-07-08</subfield>
  </datafield>
  <datafield tag="980" ind1=" " ind2=" ">
    <subfield code="8">5</subfield>
    <subfield code="g">Mar&#xED;a Machado</subfield>
    <subfield code="6">138</subfield>
    <subfield code="a">Carolina Rainero</subfield>
  </datafield>
  <datafield tag="999" ind1=" " ind2=" ">
    <subfield code="c">12079</subfield>
    <subfield code="d">12079</subfield>
  </datafield>
  <datafield tag="952" ind1=" " ind2=" ">
    <subfield code="0">0</subfield>
    <subfield code="1">0</subfield>
    <subfield code="2">udc</subfield>
    <subfield code="4">0</subfield>
    <subfield code="7">0</subfield>
    <subfield code="a">AR-RoUNA</subfield>
    <subfield code="b">AR-RoUNA</subfield>
    <subfield code="d">2025-08-25</subfield>
    <subfield code="e">Don</subfield>
    <subfield code="l">2</subfield>
    <subfield code="p">1002732</subfield>
    <subfield code="r">2025-08-29</subfield>
    <subfield code="s">2025-08-29</subfield>
    <subfield code="t">ej. 1</subfield>
    <subfield code="w">2025-08-25</subfield>
    <subfield code="y">ART</subfield>
    <subfield code="k">K6</subfield>
    <subfield code="x"></subfield>
  </datafield>
</record>
